[Event "Indywidualne Mistrzostwa Polski Juniorow Mlodszych do 14 lat OOM Podlaskie 2015 "]
[Site "Suwalki"]
[Date "1899-12-30"]
[Round "4.3"]
[White "Kosakowski, Jakub"]
[Black "Lis, Mateusz"]
[Result "1-0"]
[WhiteTitle "k"]
[BlackTitle "I"]
[WhiteElo "2186"]
[BlackElo "1926"]

1. e4 c6 2. d4 d5 3. Nc3 dxe4 4. Nxe4 Bf5 5. Ng3 Bg6 6. h4 h6 7. Nf3 Nd7 8. h5
Bh7 9. Bd3 Bxd3 10. Qxd3 e6 11. Bd2 Qc7 12. O-O-O Ngf6 13. Ne4 O-O-O 14. g3 Nxe4
15. Qxe4 Nf6 16. Qe2 Bd6 17. c4 c5 18. Kb1 Rd7 19. dxc5 Qxc5 20. Be3 Qf5+ 21.
Ka1 Bb8 22. Nd4 Qa5 23. c5 e5 24. Nf5 Rhd8 25. Rxd7 Rxd7 26. Nxg7 Bc7 27. Nf5
Nd5 28. c6 bxc6 29. Bxh6 Nb4 30. Qc4 Qb6 31. Be3 Qb7 32. a3 Nd3 33. Rb1 e4 34.
Bd4 c5 35. h6 Rxd4 36. Nxd4 Be5 37. h7 Bxd4 38. Qxd4 cxd4 39. h8=Q+ Kc7 40. Qxd4
Qb3 41. Qxa7+ Kc8 42. Qa8+ Kc7 43. Qxe4 Nb4 44. Qxb4 1-0

[Event "Indywidualne Mistrzostwa Polski Juniorow Mlodszych do 14 lat OOM Podlaskie 2015 "]
[Site "Suwalki"]
[Date "1899-12-30"]
[Round "4.4"]
[White "Ulatowski, Jakub"]
[Black "Woloch, Oskar"]
[Result "0-1"]
[WhiteTitle "II"]
[BlackTitle "k"]
[WhiteElo "1511"]
[BlackElo "2110"]

1. e4 e5 2. Nf3 Nc6 3. Bb5 a6 4. Ba4 Nf6 5. O-O Be7 6. Re1 b5 7. Bb3 d6 8. c3 O-O
9. h3 Na5 10. Bc2 c5 11. d4 Nd7 12. Nbd2 exd4 13. cxd4 Nc6 14. Nb3 c4 15. Nbd2
Bf6 16. Nf1 Re8 17. Ng3 g6 18. Bf4 Qc7 19. Bxd6 Qxd6 20. e5 Ncxe5 21. dxe5 Qxd1
22. Raxd1 Nxe5 23. Nxe5 Rxe5 24. Rxe5 Bxe5 25. Be4 Rb8 26. Rd8+ Kg7 27. b3 Be6
28. Rxb8 Bxb8 29. Bc2 Bd6 30. Ne4 Bb4 31. Ng5 Bd5 32. Kf1 h6 33. Ne4 f5 34. Ng3
Kf6 35. f3 Ke5 36. Ne2 Bd2 37. Kf2 a5 38. g3 g5 39. h4 f4 40. hxg5 hxg5 41. gxf4+
gxf4 42. Kg2 cxb3 43. axb3 Bc6 44. Kf2 a4 45. bxa4 bxa4 46. Bxa4 Bxa4 47. Kg2
Bb5 48. Ng1 Be3 49. Nh3 Kf5 50. Nf2 Bxf2 51. Kxf2 Ke5 0-1

[Event "Indywidualne Mistrzostwa Polski Juniorow Mlodszych do 14 lat OOM Podlaskie 2015 "]
[Site "Suwalki"]
[Date "1899-12-30"]
[Round "4.5"]
[White "Gumularz, Szymon"]
[Black "Miszkielo, Bartosz"]
[Result "1-0"]
[WhiteTitle "I++"]
[BlackTitle "I"]
[WhiteElo "2305"]
[BlackElo "1823"]

1. d4 Nf6 2. Nf3 c5 3. d5 e6 4. c4 exd5 5. cxd5 d6 6. Nc3 g6 7. Bf4 a6 8. e4 Bg7
9. Qa4+ Bd7 10. Qb3 Bc8 11. a4 O-O 12. Be2 Nh5 13. Be3 f5 14. exf5 Bxf5 15. Nd2
Bd4 16. O-O Bxe3 17. fxe3 Qg5 18. Nce4 Qe7 19. Bxh5 gxh5 20. Nxc5 dxc5 21. d6+
Qe6 22. Rxf5 Qxb3 23. Rxf8+ Kxf8 24. Nxb3 Nd7 25. Rf1+ Kg7 26. Rf5 Kg6 27. Rd5
Rc8 28. Nd2 Nf6 29. Rd3 Kf5 30. Rb3 Rd8 31. Nc4 Rd7 32. Kf2 Ne4+ 33. Kf3 Ng5+
34. Ke2 Ne4 35. a5 Rg7 36. g3 h4 37. gxh4 Rg2+ 38. Kf1 Rf2+ 39. Kg1 Ke6 40. Rxb7
Rc2 41. Re7+ 1-0

[Event "Indywidualne Mistrzostwa Polski Juniorow Mlodszych do 14 lat OOM Podlaskie 2015 "]
[Site "Suwalki"]
[Date "1899-12-30"]
[Round "4.6"]
[White "Kowalski, Igor"]
[Black "Kubiak, Jakub"]
[Result "1-0"]
[WhiteTitle "k"]
[BlackTitle "I"]
[WhiteElo "2084"]
[BlackElo "1753"]

1. d4 Nf6 2. c4 g6 3. Nc3 Bg7 4. e4 d6 5. f3 O-O 6. Nge2 Nbd7 7. Bg5 c5 8. Qd2
a6 9. d5 Rb8 10. Ng3 Qa5 11. a4 Rd8 12. Be2 Nf8 13. O-O e6 14. Qf4 Ne8 15. Bxd8
Qxd8 16. Qd2 e5 17. a5 Qh4 18. Bd3 Bh6 19. Qf2 Ng7 20. Nce2 g5 21. Nf5 Nxf5 22.
exf5 Qxf2+ 23. Kxf2 f6 24. g4 b6 25. axb6 Rxb6 26. Ra2 Kf7 27. Nc3 Nd7 28. Ne4
Bf8 29. Ke2 Rb4 30. Kd2 Nb6 31. Kc3 Na4+ 32. Kc2 Nb6 33. Nd2 Ke7 34. Ra3 Nd7 35.
Rfa1 Rb6 36. Rb3 Kd8 37. Rxb6 Nxb6 38. Nb3 Kc7 39. h4 h6 40. Nd2 Nd7 41. Ne4 Kd8
42. Kc3 Kc7 43. Bc2 Bg7 44. Ba4 Nb6 45. Bc6 Nd7 46. hxg5 fxg5 47. Bxd7 Kxd7 48.
b4 cxb4+ 49. Kxb4 Bb7 50. Ka5 Kc7 51. Rh1 Bc8 52. Nxg5 Kb7 53. Ne6 Bxe6 54. dxe6
Kc7 55. g5 1-0

[Event "Indywidualne Mistrzostwa Polski Juniorow Mlodszych do 14 lat OOM Podlaskie 2015 "]
[Site "Suwalki"]
[Date "1899-12-30"]
[Round "4.7"]
[White "Polczyk, Mikolaj"]
[Black "Lukasiewicz, Krzysztof"]
[Result "1/2-1/2"]
[WhiteTitle "I"]
[BlackTitle "I++"]
[WhiteElo "1571"]
[BlackElo "2079"]

1. e4 e5 2. f4 Bc5 3. Nf3 d6 4. Nc3 Nc6 5. Bc4 Nf6 6. d3 a6 7. f5 Na5 8. Bb3 Nxb3
9. axb3 h6 10. Qe2 O-O 11. Be3 Bxe3 12. Qxe3 d5 13. Ne2 Ng4 14. Qc5 b6 15. Qxd5
Qxd5 16. exd5 Bxf5 17. Ng3 Bh7 18. Kd2 f5 19. h3 Nf6 20. Nxe5 Nxd5 21. Rhf1 a5
22. Ne2 Rae8 23. d4 f4 24. c4 Ne3 25. Rxf4 Rxf4 26. Nxf4 Nc2 27. Rf1 Nxd4 28.
Kc3 Rxe5 29. Kxd4 Rg5 30. Ne6 c5+ 31. Kc3 Rg3+ 32. Rf3 Rxf3+ 33. gxf3 Bf5 34.
Nf4 g5 35. Nd5 Bxh3 36. Kd3 Bf5+ 37. Ke3 Bc2 38. Nxb6 Bxb3 39. Kf2 Kg7 40. Kg3
h5 41. f4 g4 42. Nd7 Bxc4 43. Nxc5 Bd5 44. Na4 Kf6 45. Nc3 Bf3 46. Nb5 Ke6 47.
Nd4+ Kd5 48. Nf5 Kc4 49. Ne3+ Kd3 50. Nf5 Kc2 51. Nd4+ Kxb2 52. Nxf3 gxf3 53.
f5 h4+ 54. Kxf3 a4 55. f6 a3 56. f7 a2 57. f8=Q a1=Q 58. Qf6+ Kb1 59. Qxa1+ Kxa1
1/2-1/2

[Event "Indywidualne Mistrzostwa Polski Juniorow Mlodszych do 14 lat OOM Podlaskie 2015 "]
[Site "Suwalki"]
[Date "1899-12-30"]
[Round "4.8"]
[White "Garbowski, Jakub"]
[Black "Poplawski, Maciej"]
[Result "1-0"]
[WhiteTitle "I+"]
[BlackTitle "I"]
[WhiteElo "1964"]
[BlackElo "1737"]

1. e4 c6 2. d4 d5 3. Nd2 dxe4 4. Nxe4 Nf6 5. Nxf6+ exf6 6. c3 Bd6 7. Bd3 O-O 8.
Ne2 Qc7 9. Qc2 h6 10. h3 Be6 11. O-O Re8 12. c4 Nd7 13. Nc3 Rac8 14. b3 Nf8 15.
f4 Rcd8 16. a3 Qb6 17. Ne2 Be7 18. f5 Bc8 19. Bf4 c5 20. dxc5 Bxc5+ 21. Kh1 Be3
22. Nc3 Qd4 23. Be4 Bxf5 24. Bxf5 Bxf4 25. Ne2 Rxe2 26. Qxe2 Qc3 27. Qf3 Qxf3
28. Rxf3 Be5 29. Rc1 g6 30. Be4 b6 31. b4 Ne6 32. Bd5 Nd4 33. Rd3 Ne2 34. Re1
Nd4 35. Red1 Re8 36. Rxd4 Bxd4 37. Rxd4 Re3 38. c5 bxc5 39. bxc5 Rxa3 40. Rc4
1-0

[Event "Indywidualne Mistrzostwa Polski Juniorow Mlodszych do 14 lat OOM Podlaskie 2015 "]
[Site "Suwalki"]
[Date "1899-12-30"]
[Round "4.9"]
[White "Golenia, Jan"]
[Black "Nowak, Mikolaj"]
[Result "0-1"]
[WhiteTitle "I"]
[BlackTitle "I"]
[WhiteElo "1725"]
[BlackElo "1939"]

1. c4 f5 2. d4 g6 3. Nc3 Nf6 4. Nf3 Bg7 5. Bf4 O-O 6. e3 d6 7. Be2 Nbd7 8. O-O
a6 9. Rc1 Qe8 10. Bg3 e5 11. dxe5 Nxe5 12. Bxe5 dxe5 13. Nd5 Rf7 14. b4 Be6 15.
Qb3 h6 16. Rfd1 Rd8 17. Nc3 Nh7 18. a4 Rfd7 19. b5 e4 20. Ne1 a5 21. Nd5 Nf6 22.
Nxf6+ Bxf6 23. Qc2 Qf7 24. Rxd7 Rxd7 25. f3 Bg5 26. Qc3 Qg7 27. Qxg7+ Kxg7 28.
Kf2 Be7 29. Nc2 Bc5 30. Na1 f4 31. Ke1 exf3 32. gxf3 Bxe3 33. Rc2 Bf5 34. Ra2
g5 35. Nb3 b6 36. Nd2 Rxd2 37. Rxd2 Bxd2+ 38. Kxd2 Kf6 39. Kc3 Ke5 40. Bf1 h5
41. Bg2 g4 42. fxg4 hxg4 43. Kd2 Be4 44. Bf1 Kd4 45. Ke2 Bd3+ 46. Kf2 Bxf1 47.
Kxf1 Kxc4 48. Kg2 Kd3 49. Kf2 Kd2 50. Kg2 Ke2 51. Kg1 Kf3 52. Kf1 g3 53. Kg1 g2
54. h4 Kg3 55. h5 f3 56. h6 f2# 0-1

[Event "Indywidualne Mistrzostwa Polski Juniorow Mlodszych do 14 lat OOM Podlaskie 2015 "]
[Site "Suwalki"]
[Date "1899-12-30"]
[Round "4.10"]
[White "Kokoszczynski, Jan"]
[Black "Kaminski, Maciej"]
[Result "0-1"]
[WhiteTitle "I+"]
[BlackTitle "II+"]
[WhiteElo "1906"]
[BlackElo "1600"]

1. e4 d5 2. exd5 Qxd5 3. d4 Nf6 4. Nc3 Qa5 5. Nf3 Nc6 6. h3 Bf5 7. Bb5 Nd5 8. O-O
Nxc3 9. Bxc6+ bxc6 10. Qd2 O-O-O 11. bxc3 f6 12. Qe2 Qxc3 13. Qa6+ Kd7 14. Bd2
Qxc2 15. Rac1 Bd3 16. Qb7 Qa4 17. Rfe1 e6 18. Bf4 Bd6 19. Bxd6 Kxd6 20. Rxc6+
Qxc6 21. Rxe6+ Kxe6 22. Qxc6+ Ke7 23. Qxc7+ Rd7 24. Qc5+ Kf7 25. Nd2 Rhd8 26.
Nb3 Kg8 27. f3 Bb1 28. Na5 Rxd4 29. Nc6 Rd1+ 30. Kh2 Re8 31. Qc4+ Kh8 32. Nxa7
h6 33. Nb5 Rd2 34. Nc3 Bf5 35. a4 Rc2 36. Qb4 Bd3 37. Nd5 Bh7 38. Nc3 Rd8 39.
a5 Rdd2 40. Kg3 Rxg2+ 41. Kh4 Bg8 42. Ne4 g5+ 43. Kh5 Kg7 44. Qb7+ Bf7+ 45. Qxf7+
Kxf7 46. a6 Rc6 47. a7 Ra2 0-1

[Event "Indywidualne Mistrzostwa Polski Juniorow Mlodszych do 14 lat OOM Podlaskie 2015 "]
[Site "Suwalki"]
[Date "1899-12-30"]
[Round "4.11"]
[White "Wierzbicki, Michal"]
[Black "Sernecki, Franciszek"]
[Result "0-1"]
[WhiteTitle "I"]
[BlackTitle "I"]
[WhiteElo "1687"]
[BlackElo "1998"]

1. d4 d5 2. Nf3 e6 3. e3 c5 4. c3 Nc6 5. Bd3 Nf6 6. Nbd2 Bd6 7. Qe2 O-O 8. O-O
e5 9. dxc5 Bxc5 10. e4 d4 11. Nb3 Bb6 12. Bg5 dxc3 13. bxc3 Qe7 14. Rac1 Bg4 15.
Rfd1 Rfd8 16. Bb1 h6 17. Be3 Bxe3 18. Qxe3 Nh5 19. Rd2 Rxd2 20. Nfxd2 Qg5 21.
Qxg5 hxg5 22. f3 Be6 23. Kf2 Rd8 24. g3 b6 25. Ke3 Nf6 26. Bd3 Kf8 27. Bc4 Ke7
28. Bxe6 Kxe6 29. Nc4 Ne8 30. Rc2 Nd6 31. Nxd6 Rxd6 32. Rd2 Rxd2 33. Kxd2 Kd6
34. Kd3 Nd8 35. Kc4 Kc6 36. a4 Nb7 37. Nd2 Nd6+ 38. Kb3 Kc5 39. Nb1 Nc4 40. Ka2
a6 41. Kb3 b5 42. axb5 Kxb5 43. h4 gxh4 44. gxh4 g6 45. Kc2 Ka4 46. Kd1 Kb3 47.
Kc1 a5 48. Kd1 Kb2 49. Nd2 Nxd2 50. Kxd2 a4 51. c4 a3 52. c5 a2 53. c6 a1=Q 0-1

[Event "Indywidualne Mistrzostwa Polski Juniorow Mlodszych do 14 lat OOM Podlaskie 2015 "]
[Site "Suwalki"]
[Date "1899-12-30"]
[Round "4.12"]
[White "Pacan-milej, Kosma"]
[Black "Fus, Jakub"]
[Result "1-0"]
[WhiteTitle "I"]
[BlackTitle "II+"]
[WhiteElo "1842"]
[BlackElo "1821"]

1. d4 Nf6 2. c4 c5 3. d5 b5 4. cxb5 a6 5. b6 d6 6. Nc3 Nbd7 7. e4 Rb8 8. Nf3 g6
9. Nd2 Bg7 10. Be2 O-O 11. O-O Nxb6 12. a4 Na8 13. Nc4 Nd7 14. Bf4 Nc7 15. Qd2
Rb4 16. Qc2 f5 17. f3 Bd4+ 18. Kh1 Nf6 19. Na2 Rb8 20. Nc1 fxe4 21. fxe4 Ng4 22.
Bxg4 Bxg4 23. Nb3 Bg7 24. Nba5 Bd7 25. Bg5 Rxf1+ 26. Rxf1 Qe8 27. b3 h6 28. Be3
g5 29. Qd3 Qg6 30. Nd2 g4 31. g3 h5 32. Rf2 Bf6 33. Nf1 Kg7 34. Bd2 h4 35. gxh4
Rh8 36. Ng3 Rxh4 37. Nc4 Rh3 38. Bc3 Bxc3 39. Qxc3+ Kg8 40. Qe3 Ne8 41. Qf4 Nf6
42. e5 dxe5 43. Nxe5 Qb1+ 44. Kg2 Qh7 45. Nxd7 Rxh2+ 46. Kg1 Rxf2 47. Nxf6+ exf6
48. Qxg4+ Kf8 49. Qc8+ 1-0

[Event "Indywidualne Mistrzostwa Polski Juniorow Mlodszych do 14 lat OOM Podlaskie 2015 "]
[Site "Suwalki"]
[Date "1899-12-30"]
[Round "4.13"]
[White "Pytel, Maciej"]
[Black "Stanowski, Mateusz"]
[Result "1-0"]
[WhiteTitle "I"]
[BlackTitle "II"]
[WhiteElo "1821"]
[BlackElo "1401"]

1. e4 e5 2. Nf3 Nc6 3. Bc4 Bc5 4. c3 Nf6 5. d4 exd4 6. cxd4 Bb4+ 7. Bd2 Bxd2+ 8.
Nbxd2 d5 9. exd5 Nxd5 10. O-O O-O 11. Nb3 Bf5 12. Ne5 Nxe5 13. dxe5 Nb6 14. Be2
Qg5 15. f4 Qe7 16. Qc1 Rad8 17. Bf3 c6 18. Qc5 Rfe8 19. Rfd1 Rxd1+ 20. Rxd1 Qc7
21. Nd4 Be6 22. Nb5 Qb8 23. Nd6 Rd8 24. b3 Nd7 25. Qb4 Nb6 26. f5 Bc8 27. Qh4
Qc7 28. f6 Nd7 29. Qg5 h6 30. Qxg7# 1-0

[Event "Indywidualne Mistrzostwa Polski Juniorow Mlodszych do 14 lat OOM Podlaskie 2015 "]
[Site "Suwalki"]
[Date "1899-12-30"]
[Round "4.14"]
[White "Godzwon, Iwo"]
[Black "Leskiewicz, Ignacy"]
[Result "1/2-1/2"]
[WhiteTitle "I"]
[BlackTitle "I"]
[WhiteElo "1801"]
[BlackElo "1692"]

1. e4 c5 2. Nf3 d6 3. d4 cxd4 4. Nxd4 Nf6 5. Nc3 a6 6. f3 e5 7. Nb3 Be6 8. Be3
Be7 9. Qd2 h5 10. O-O-O Nbd7 11. g3 b5 12. Bg2 Bc4 13. Nd5 Nxd5 14. exd5 a5 15.
Kb1 b4 16. Bf1 Bxf1 17. Rhxf1 O-O 18. g4 a4 19. Nc1 hxg4 20. fxg4 Qa5 21. Rf3
e4 22. Rf4 a3 23. b3 Bf6 24. Rxe4 Bc3 25. Qe2 Nf6 26. Rc4 Nxd5 27. Qd3 Ne7 28.
Bd4 Bxd4 29. Qxd4 d5 30. Rc5 Qb6 31. Nd3 Ra5 32. Qg1 Rxc5 33. Qxc5 Qxc5 34. Nxc5
f5 35. gxf5 Rxf5 36. Nd3 Nc6 37. Kc1 Kf7 38. Kd2 Rh5 39. Rf1+ Ke7 40. Rf2 Rh4
41. c3 Kd6 42. Rg2 bxc3+ 43. Kxc3 d4+ 44. Kc2 Kd5 45. Re2 Re4 46. Rg2 Re7 47.
Kd2 Na7 48. Nf4+ Kd6 49. Ne2 Nb5 50. Rg6+ Kc5 51. Rg5+ Kb4 52. Rg4 Rd7 53. Kd3
Kc5 1/2-1/2

[Event "Indywidualne Mistrzostwa Polski Juniorow Mlodszych do 14 lat OOM Podlaskie 2015 "]
[Site "Suwalki"]
[Date "1899-12-30"]
[Round "4.15"]
[White "Laszczak, Przemyslaw"]
[Black "Butyrowski, Marcel"]
[Result "1/2-1/2"]
[WhiteTitle "I"]
[BlackTitle "II"]
[WhiteElo "1930"]
[BlackElo "1514"]

1. d4 d5 2. c4 e6 3. Nc3 Nf6 4. Bg5 Be7 5. e3 c6 6. Qc2 Nbd7 7. cxd5 Nxd5 8. Bxe7
Qxe7 9. a3 O-O 10. Bd3 h6 11. Nf3 a6 12. O-O Rb8 13. Ne4 e5 14. Nc3 Nxc3 15. bxc3
Re8 16. Be2 e4 17. Nd2 Nf6 18. h3 Bf5 19. c4 b5 20. a4 Rec8 21. axb5 cxb5 22.
Rxa6 Nd5 23. Ra5 Nf4 24. Bg4 Bxg4 25. exf4 Be2 26. Re1 Bxc4 27. Nxc4 Rxc4 28.
Qxe4 Qxe4 29. Rxe4 b4 30. Ree5 Rxd4 31. g3 Rc8 32. f5 Rd1+ 33. Kg2 Rd2 34. Rac5
Ra8 35. Ra5 Rc8 36. Rec5 Re8 37. Re5 Rc8 38. g4 h5 39. Kg3 b3 40. Rab5 b2 41.
Rb7 Rc3+ 42. Kh4 Rdd3 43. Re8+ Kh7 44. Re3 Rxe3 45. fxe3 hxg4 46. hxg4 Rxe3 47.
Rxb2 f6 48. Rb7 Kh6 49. Rb8 g5+ 50. fxg6 Kxg6 51. Rg8+ Kf7 1/2-1/2

[Event "Indywidualne Mistrzostwa Polski Juniorow Mlodszych do 14 lat OOM Podlaskie 2015 "]
[Site "Suwalki"]
[Date "1899-12-30"]
[Round "4.16"]
[White "Jobda, Rafal"]
[Black "Ochowicz, Jakub"]
[Result "1/2-1/2"]
[WhiteTitle "II"]
[BlackTitle "I"]
[WhiteElo "1640"]
[BlackElo "1927"]

1. e4 c6 2. d4 d5 3. Nc3 dxe4 4. Nxe4 Bf5 5. Ng3 Bg6 6. Nh3 Nf6 7. Nf4 e5 8. Nxg6
hxg6 9. dxe5 Qa5+ 10. c3 Qxe5+ 11. Qe2 Nbd7 12. Bf4 Qxe2+ 13. Bxe2 Bc5 14. O-O
O-O 15. Bf3 Nb6 16. Rfe1 Nfd5 17. Ne2 Nxf4 18. Nxf4 Bd6 19. Nd3 Rad8 20. Rad1
f6 21. Kf1 Kf7 22. g3 f5 23. Bg2 Kf6 24. h4 Rd7 25. f4 Rfd8 26. Bf3 Nc4 27. b3
Na3 28. Nb2 Nb5 29. Na4 Na3 30. Re2 Bf8 31. Rxd7 Rxd7 32. Ke1 Rc7 33. Nb2 Nb1
34. Re3 Bc5 35. Rd3 Nxc3 36. Rxc3 Bb4 37. Kd2 Re7 38. Nd1 Rd7+ 39. Kc2 Bxc3 40.
Kxc3 Re7 41. Kd2 c5 42. Ne3 Rd7+ 43. Kc3 b5 44. Bc6 b4+ 45. Kc2 Rd4 46. Bf3 Ke6
47. Nc4 Kf6 48. Ne5 Rd6 49. Nd3 Re6 50. Ne5 a5 51. Kd3 Rd6+ 52. Kc2 Rd8 53. Nc6
Re8 54. Ne5 Re6 55. Kd3 Rd6+ 56. Kc2 Rd8 57. Nc6 Re8 58. Ne5 Re6 59. Kd3 Rd6+
60. Kc2 Ke7 61. Nc6+ Kd7 62. Ne5+ Kc7 63. Nc4 Re6 64. Ne5 Kd6 65. Nc4+ Ke7 66.
Ne5 Ra6 67. Kd3 Rd6+ 68. Kc2 Ra6 69. Kd3 Rd6+ 70. Kc2 Kf6 71. Nc4 Ra6 72. Ne5
Ke7 73. Kd3 Rd6+ 74. Kc2 Kf6 75. Nc4 Ra6 76. Ne5 Ke7 77. Kd3 Rd6+ 78. Kc2 Ke8
79. Bc6+ Ke7 80. Bf3 Kf8 1/2-1/2

[Event "Indywidualne Mistrzostwa Polski Juniorow Mlodszych do 14 lat OOM Podlaskie 2015 "]
[Site "Suwalki"]
[Date "1899-12-30"]
[Round "4.17"]
[White "Jagura, Norbert"]
[Black "Modlich, Piotr"]
[Result "0-1"]
[WhiteTitle "II"]
[BlackTitle "II+"]
[WhiteElo "1387"]
[BlackElo "1665"]

1. c4 e5 2. Nc3 Nf6 3. g3 d5 4. cxd5 Nxd5 5. Bg2 Nb6 6. d3 Be7 7. Nf3 Nc6 8. O-O
O-O 9. Bd2 Be6 10. Na4 f6 11. Nxb6 axb6 12. a3 Na5 13. Bxa5 bxa5 14. Qc2 c6 15.
Nd2 Qc7 16. Nc4 f5 17. Bh3 Qb8 18. Qc3 Bf6 19. e4 Bxc4 20. Qxc4+ Kh8 0-1

[Event "Indywidualne Mistrzostwa Polski Juniorow Mlodszych do 14 lat OOM Podlaskie 2015 "]
[Site "Suwalki"]
[Date "1899-12-30"]
[Round "4.18"]
[White "Jarzebowski, Kacper"]
[Black "Modlich, Kacper"]
[Result "1/2-1/2"]
[WhiteTitle "I"]
[BlackTitle "II+"]
[WhiteElo "1660"]
[BlackElo "1626"]

1. e4 c5 2. Nf3 d6 3. Bb5+ Bd7 4. Bxd7+ Qxd7 5. c3 Nc6 6. O-O Nf6 7. Qe2 e6 8.
d4 cxd4 9. cxd4 d5 10. e5 Ne4 11. Nbd2 Nxd2 12. Bxd2 Be7 13. Rac1 O-O 14. Qd3
Rfc8 15. Kh1 Rc7 16. Rg1 Rac8 17. g4 f6 18. Rce1 fxe5 19. Nxe5 Nxe5 20. Rxe5 Bd6
21. Re2 Qf7 22. Rge1 Re7 23. Kg2 Qf6 24. g5 Qf7 25. h3 Rce8 26. f4 Qf5 27. Qf3
Rf8 28. Rf2 Ref7 29. Ref1 Qg6 30. Qe2 Rc7 31. Rc1 Rxc1 32. Bxc1 Rc8 33. Qe3 Rc2
34. Rxc2 Qxc2+ 35. Kg3 Kf7 36. a3 a5 37. h4 b6 38. Qd2 Qc4 39. Qe3 Qc2 40. Qd2
Qb3+ 41. Qe3 Qxe3+ 42. Bxe3 Ke7 43. Kf3 Kd7 44. a4 Kc6 45. b3 1/2-1/2

[Event "Indywidualne Mistrzostwa Polski Juniorow Mlodszych do 14 lat OOM Podlaskie 2015 "]
[Site "Suwalki"]
[Date "1899-12-30"]
[Round "4.19"]
[White "Gorecki, Mateusz"]
[Black "Brozyna, Mateusz"]
[Result "0-1"]
[WhiteTitle "II"]
[BlackTitle "II"]
[WhiteElo "1529"]
[BlackElo "1641"]

1. e4 c5 2. Nf3 e6 3. d4 cxd4 4. Nxd4 Nf6 5. Nc3 Nc6 6. Ndb5 Bb4 7. Nd6+ Ke7 8.
Bd2 Bxd6 9. f4 Bb4 10. e5 Bxc3 11. Bxc3 Nd5 12. Qd2 Nxc3 13. Qxc3 Qa5 14. Qxa5
Nxa5 15. O-O-O b6 16. h4 Rd8 17. Rd6 Nb7 18. Rd2 d6 19. Bb5 Bd7 20. Ba6 Bc6 21.
Rhd1 dxe5 22. fxe5 Rxd2 23. Rxd2 Rd8 24. Bxb7 Bxb7 25. g3 Rxd2 26. Kxd2 f6 27.
exf6+ gxf6 28. c4 Kd6 29. Kd3 f5 30. b4 a5 31. a3 h5 32. Kd4 e5+ 33. Kc3 f4 34.
gxf4 exf4 35. Kd4 f3 36. Ke3 axb4 37. axb4 Ke5 38. c5 bxc5 39. bxc5 Bc6 40. Kf2
Kf4 41. Ke1 Kg3 0-1

[Event "Indywidualne Mistrzostwa Polski Juniorow Mlodszych do 14 lat OOM Podlaskie 2015 "]
[Site "Suwalki"]
[Date "1899-12-30"]
[Round "4.20"]
[White "Zolkiewski, Jakub"]
[Black "Marciniak, Piotr"]
[Result "1-0"]
[WhiteTitle "II"]
[BlackTitle "III"]
[WhiteElo "1609"]
[BlackElo "1297"]

1. d4 d5 2. c4 dxc4 3. Nc3 Nf6 4. e3 e6 5. Bxc4 Be7 6. Nf3 O-O 7. O-O b6 8. Re1
Bb7 9. a3 c5 10. Qe2 Ne4 11. Nxe4 Bxe4 12. Rd1 Qc7 13. Bd3 Bxd3 14. Rxd3 Nc6 15.
dxc5 Bxc5 16. b4 Be7 17. Bb2 Rfd8 18. Rc1 Qb7 19. Qc2 Rxd3 20. Qxd3 Nb8 21. Qc3
f6 22. Ng5 Nd7 23. Nxe6 Bd6 24. Qc4 Kh8 25. Qg4 Ne5 26. Bxe5 Bxe5 27. Rc7 f5 28.
Qxg7+ Bxg7 29. Rxb7 Bb2 30. a4 Re8 31. Nf4 Be5 32. g3 Bxf4 33. exf4 Re4 34. Rxa7
Rxb4 35. a5 bxa5 36. Rxa5 Kg7 37. Rxf5 Kg6 38. Ra5 h5 39. h4 Re4 40. Rg5+ Kh6
41. Kg2 Rd4 42. Rg8 Kh7 43. Rg5 Kh6 44. f5 Rd6 45. Rg6+ Rxg6 46. fxg6 Kxg6 47.
f3 Kf5 48. Kh3 Kf6 49. g4 Kg6 50. g5 Kf5 51. Kg3 Ke5 52. f4+ Ke6 53. g6 Kf6 54.
f5 Kg7 55. Kf3 1-0

[Event "Indywidualne Mistrzostwa Polski Juniorow Mlodszych do 14 lat OOM Podlaskie 2015 "]
[Site "Suwalki"]
[Date "1899-12-30"]
[Round "4.21"]
[White "Mietkiewicz, Jacek"]
[Black "Gaj, Szymon"]
[Result "0-1"]
[WhiteTitle "II+"]
[BlackTitle "I"]
[WhiteElo "1505"]
[BlackElo "1884"]

1. d4 Nf6 2. c4 c5 3. d5 b5 4. cxb5 a6 5. b6 Qxb6 6. Nc3 g6 7. e4 d6 8. h3 Bg7
9. Nf3 O-O 10. Bd3 Bd7 11. a4 Rc8 12. Nd2 a5 13. O-O Na6 14. Nc4 Qd8 15. Qe2 Nb4
16. Bb1 Rcb8 17. Ra3 Bc8 18. Rd1 Nd7 19. f4 Ba6 20. Nb5 Nb6 21. h4 Nxa4 22. Rxa4
Bxb5 23. Ra3 Bd4+ 24. Kh1 e6 25. dxe6 fxe6 26. Rg3 Qxh4+ 27. Rh3 Qf6 28. e5 dxe5
29. fxe5 Bxc4 30. Qxc4 Qxe5 31. Bh6 Nd5 32. Rf1 Rxb2 33. Bxg6 hxg6 34. Qd3 Ne7
35. Qf3 Nf5 36. Qxa8+ Rb8 37. Qf3 Qd5 38. Qg4 Kf7 39. Qg3 Be5 40. Qa3 Qc4 41.
Qf3 Rb3 42. Qf2 Rxh3+ 43. gxh3 Ke8 44. Bf4 Bxf4 45. Qxf4 Ng3+ 0-1

[Event "Indywidualne Mistrzostwa Polski Juniorow Mlodszych do 14 lat OOM Podlaskie 2015 "]
[Site "Suwalki"]
[Date "1899-12-30"]
[Round "4.22"]
[White "Gozdzicki, Maciej"]
[Black "Wloch, Mikolaj"]
[Result "1-0"]
[WhiteTitle "II"]
[BlackTitle "I"]
[WhiteElo "1443"]
[BlackElo "1564"]

1. d4 d5 2. c4 c6 3. Nf3 Nf6 4. Nc3 dxc4 5. a4 Bf5 6. e3 e6 7. Bxc4 Bb4 8. Bd2
Nbd7 9. O-O Qc7 10. Bb3 Bd6 11. Rc1 a6 12. h3 h6 13. Re1 Ne4 14. d5 Nxf2 15. Kxf2
Bg3+ 16. Kg1 Bxe1 17. Qxe1 Qb6 18. dxe6 fxe6 19. Nd4 Nc5 20. Bc2 Bxc2 21. Rxc2
O-O 22. Qe2 Rf6 23. Be1 Raf8 24. Bg3 Rf1+ 25. Kh2 Ra1 26. Bf4 Nxa4 27. Nxa4 Rxa4
28. Nxe6 Rf6 29. Qg4 g5 30. Nxg5 hxg5 31. Qxg5+ Kf7 32. Qh5+ Ke6 33. Qe8+ Kd5
34. Qe5# 1-0

[Event "Indywidualne Mistrzostwa Polski Juniorow Mlodszych do 14 lat OOM Podlaskie 2015 "]
[Site "Suwalki"]
[Date "1899-12-30"]
[Round "4.23"]
[White "Rak, Maciej"]
[Black "Banach, Jakub"]
[Result "0-1"]
[WhiteTitle "II"]
[BlackTitle "II"]
[WhiteElo "1476"]
[BlackElo "1392"]

1. e4 e6 2. d4 d5 3. Nd2 c5 4. exd5 Qxd5 5. Ngf3 cxd4 6. Nb3 Nf6 7. Qxd4 Qxd4 8.
Nfxd4 Bd7 9. Be2 Be7 10. O-O O-O 11. c3 Nc6 12. Be3 Nd5 13. Nxc6 Bxc6 14. Bd4
Nf4 15. Bf3 Bxf3 16. gxf3 Ne2+ 17. Kg2 Nxd4 18. Nxd4 Rfd8 19. Rfd1 Bf6 20. Nb3
b6 21. Kf1 Kf8 22. Ke2 Be5 23. h3 Ke7 24. Rxd8 Rxd8 25. Rd1 Rc8 26. Nd2 a5 27.
Rc1 b5 28. Rc2 Bf4 29. Nb3 a4 30. Nd4 Rc5 31. Kf1 Be5 32. Rd2 Bxd4 33. Rxd4 a3
34. bxa3 Rxc3 35. a4 bxa4 36. Rxa4 Rxf3 37. Kg2 Rf6 38. f4 Kd6 39. Kg3 Rf5 40.
Rd4+ Kc5 41. Rd1 Kb4 42. Re1 Ka3 43. Re2 Rb5 44. Kh4 Ra5 45. Rg2 g6 46. Rc2 h5
47. Rc7 Rf5 48. Ra7+ Kb4 49. a4 Rxf4+ 50. Kg5 Rf5+ 51. Kh6 e5 52. a5 Kb5 53. a6
Kb6 54. Ra8 e4 55. Re8 Kxa6 56. Rxe4 Kb6 57. Rd4 Kc6 58. Rd1 Rf3 59. h4 Rf4 60.
Kg5 Rg4+ 61. Kf6 Rxh4 62. Kxf7 Rg4 63. Ke6 Kc5 64. Kf6 h4 65. Rd8 g5 66. Ke5 Kc4
67. Kf5 Rg3 68. Rd1 h3 69. Ke4 Kc3 70. Ra1 Kb2 71. Rh1 g4 72. Rh2+ Rg2 73. Rh1
h2 74. Kd3 g3 75. Re1 Rg1 76. Re8 h1=Q 77. Rb8+ Ka2 0-1

[Event "Indywidualne Mistrzostwa Polski Juniorow Mlodszych do 14 lat OOM Podlaskie 2015 "]
[Site "Suwalki"]
[Date "1899-12-30"]
[Round "5.1"]
[White "Kosakowski, Jakub"]
[Black "Chylewski, Patryk"]
[Result "1/2-1/2"]
[WhiteTitle "k"]
[BlackTitle "I++"]
[WhiteElo "2186"]
[BlackElo "2036"]

1. e4 c5 2. Nf3 e6 3. d4 cxd4 4. Nxd4 Nc6 5. Nc3 Qc7 6. Be3 a6 7. Qd2 Nf6 8. O-O-O
Bb4 9. f3 b5 10. Bf4 Ne5 11. Nb3 Be7 12. Bxe5 Qxe5 13. f4 Qc7 14. e5 b4 15. Ne2
Nd5 16. g3 O-O 17. Bg2 Bb7 18. Rhg1 a5 19. Kb1 a4 20. Nbd4 Rfb8 21. Rc1 Nc3+ 22.
Ka1 Bxg2 23. Rxg2 Qb7 24. Rgg1 Nxe2 25. Qxe2 b3 26. Rcd1 bxa2 27. c3 Bc5 28. Qc2
Ra6 29. Rgf1 Rb6 30. Rf2 Rb3 31. Nxb3 axb3 32. Qe2 Bxf2 33. Qxf2 Rc8 34. Qd4 Rc7
35. Qf2 h6 36. Qe2 Rc5 37. c4 Qb4 38. Rc1 Rc6 39. Rc3 Rb6 40. Qd3 d6 41. Qe3 Kh8
42. exd6 Rxd6 43. Rxb3 Rd1+ 44. Kxa2 Qxc4 45. Qc3 Qf1 46. Rb8+ Kh7 47. Qc2+ g6
48. Rb4 Ra1+ 49. Kb3 Qf3+ 50. Qc3 Qd1+ 51. Qc2 Qd5+ 52. Qc4 Qf3+ 53. Qc3 Qd1+
54. Qc2 Qd5+ 55. Qc4 Qf3+ 1/2-1/2